|
|
|
|
| LEADER |
00685cam a2200181 7i4500 |
| 001 |
0000008539 |
| 005 |
20220119090000.0 |
| 090 |
0 |
0 |
|a LEAN 338.7025
|b KOM
|
| 245 |
0 |
0 |
|a Kompass :
|b Lebanon's premier business directory :
|b Lebanon's premier business directory :
|b 2000/ 2001.
|
| 250 |
0 |
0 |
|a 2nd ed..
|
| 260 |
0 |
0 |
|a Sin El-Fil (Metn):
|b Kompass Lebanon Sarl,
|c [2000].
|
| 300 |
# |
# |
|a 1800 p.
|
| 500 |
0 |
0 |
|a Vol. 2 : Products & Services
|
| 500 |
0 |
0 |
|a Vol. 1 : Company information
|
| 650 |
0 |
0 |
|a Business --
|x Directories --
|z Lebanon
|
| 651 |
0 |
0 |
|a Lebanon
|
| 999 |
|
|
|a B000012047
|b Directories
|c Countries
|e Business Information Centre
|
| 999 |
|
|
|a 0000012047
|b Directories
|c Countries
|e Business Information Centre
|